| 000 | 00593nam a2200193 a 4500 | ||
|---|---|---|---|
| 001 | 496 | ||
| 003 | CDMR | ||
| 005 | 20131114181454.0 | ||
| 008 | 130130s1973||||||||||||||||||||||||||||d | ||
| 040 |
_aCDMR _bcat _cCDMR |
||
| 100 | 1 |
_aBrucker, Herbert _9354 |
|
| 245 | 1 | 0 |
_aCommunication is power _b: unchanging values in a changing journalism _cHerbert Brucker |
| 260 |
_aNew York _c1973 _bOxford University Press |
||
| 300 | _a385 p. | ||
| 650 | 0 | 4 |
_94094 _aPeriodisme _zEstats Units d'Amèrica |
| 650 | 0 | 4 |
_92030 _aPeriodisme _xOrientació professional |
| 650 | 0 | 4 |
_93352 _aReportatges |
| 942 |
_cMON _2udc |
||
| 999 |
_c496 _d496 |
||